Data structure with java / (Record no. 122801)
[ view plain ]
| 000 -LEADER | |
|---|---|
| fixed length control field | 00750nam a22002537a 4500 |
| 005 - DATE AND TIME OF LATEST TRANSACTION | |
| control field | 20170124105915.0 |
| 010 ## - LIBRARY OF CONGRESS CONTROL NUMBER | |
| LC control number | B-181962 |
| 020 ## - INTERNATIONAL STANDARD BOOK NUMBER | |
| Terms of availability | 395.00 |
| International Standard Book Number | 8120327454 |
| 035 ## - SYSTEM CONTROL NUMBER | |
| System control number | B-181962 |
| 037 ## - SOURCE OF ACQUISITION | |
| Source of stock number/acquisition | Cen Lib/Ret |
| 040 ## - CATALOGING SOURCE | |
| Original cataloging agency | DPL |
| Language of cataloging | EN |
| 082 ## - DEWEY DECIMAL CLASSIFICATION NUMBER | |
| Classification number | 005.13 |
| Item number | HUB |
| 100 ## - MAIN ENTRY--PERSONAL NAME | |
| Personal name | Hubbard, John R. |
| 9 (RLIN) | 106551 |
| 245 ## - TITLE STATEMENT | |
| Title | Data structure with java / |
| Statement of responsibility, etc | by John R. Hubbard [and] Anita Huray |
| 246 ## - VARYING FORM OF TITLE | |
| Remainder of title | |
| 260 ## - PUBLICATION, DISTRIBUTION, ETC. (IMPRINT) | |
| Name of publisher, distributor, etc | Prentic hall of India |
| Date of publication, distribution, etc | 2006 |
| Place of publication, distribution, etc | New Delhi |
| 270 ## - ADDRESS | |
| City | New Delhi |
| Address | Connaught circus |
| Postal code | 110033 |
| 300 ## - PHYSICAL DESCRIPTION | |
| Extent | xxii,613p. |
| Dimensions | 23cm(pbk) |
| 500 ## - GENERAL NOTE | |
| General note | Includes index |
| 650 ## - SUBJECT ADDED ENTRY--TOPICAL TERM | |
| Topical term or geographic name as entry element | Computer science |
| 9 (RLIN) | 106552 |
| 650 ## - SUBJECT ADDED ENTRY--TOPICAL TERM | |
| Topical term or geographic name as entry element | Programming languages |
| 9 (RLIN) | 1109 |
| 700 ## - ADDED ENTRY--PERSONAL NAME | |
| Personal name | Huray, Anita |
| 9 (RLIN) | 2377 |
| 942 ## - ADDED ENTRY ELEMENTS (KOHA) | |
| Source of classification or shelving scheme | Dewey Decimal Classification |
| Koha item type | English Books |
| Classification part | 005.13 |
| Call number suffix | HUB |
| Withdrawn status | Lost status | Damaged status | Not for loan | Collection code | Home library | Current library | Date acquired | Source of acquisition | Cost, normal purchase price | Total Checkouts | Full call number | Barcode | Date last seen | Copy number | Cost, replacement price | Price effective from | Koha item type | Source of classification or shelving scheme |
|---|---|---|---|---|---|---|---|---|---|---|---|---|---|---|---|---|---|---|
| Not For Loan | Reference | Central Library | Central Library | 30/05/2015 | Cen Lib/Ret | 395.00 | 005.13 HUB | B-181962 | 30/05/2015 | 1 | 395.00 | 30/05/2015 | English Books | |||||
| Non-fiction | Sarojini Nagar | Sarojini Nagar | 08/02/2019 | 005.13 HUB | B-181968 | 08/02/2019 | 08/02/2019 | English Books | Dewey Decimal Classification | |||||||||
| Non-fiction | Yojana Vihar | Yojana Vihar | 27/10/2018 | BPPD/PUB | 395.00 | 005.13 HUB | B-181973 | 27/10/2018 | 395.00 | 27/10/2018 | English Books | Dewey Decimal Classification |
